Kültepe tabletleri. V, The archive of Kuliya, son of Ali-abum (Kt. 92/k 188-263) /

Bibliographic Details
Main Author: Veenhof, K. R.
Corporate Author: Atatürk Kültür, Dil, ve Tarih Yüksek Kurumu (Turkey)
Format: Book
Language:Turkish
English
Language Notes:In English with parallel Turkish texts for the preface and introduction, and English translations of romanised Akkadian (Cappadocian dialect).
Published: Ankara : Türk Tarih Kurumu Basımevi, 2010.
Series:Türk Tarih Kurumu yayınları. sa. 33c.
Subjects:

MARC

Tag First Indicator Second Indicator Subfields
LEADER 00000cam a2200000 a 4500
001 in00005530021
008 901211s2010 tu a bc 001 0 tur d
005 20241122172524.5
035 |a (OCoLC)ocn926244548 
040 |a LUN  |b eng  |c LUN  |d OCLCO  |d OCLCF  |d OCLCO  |d OCLCQ  |d OCLCO  |d OCLCQ  |d OCLCL  |d TXA 
019 |a 1166880256 
020 |a 9789751622358 
020 |a 9751602467  |q (set) 
020 |a 9789751602466  |q (set) 
020 |a 9751622352 
035 |a (OCoLC)926244548  |z (OCoLC)1166880256 
041 1 |a eng  |a tur  |h akk 
043 |a a-tu--- 
050 4 |a PJ3721.K36  |b V43 2010 
082 0 4 |a 939.21  |q OCoLC 
100 1 |a Veenhof, K. R. 
245 1 0 |a Kültepe tabletleri.  |n V,  |p The archive of Kuliya, son of Ali-abum (Kt. 92/k 188-263) /  |c Klaas R. Veenhof. 
246 3 0 |a Archive of Kuliya, son of Ali-abum (Kt. 92/k 188-263) 
264 1 |a Ankara :  |b Türk Tarih Kurumu Basımevi,  |c 2010. 
300 |a 230 pages :  |b illustrations (some color) ;  |c 32 cm 
336 |a text  |b txt  |2 rdacontent 
337 |a unmediated  |b n  |2 rdamedia 
338 |a volume  |b nc  |2 rdacarrier 
490 1 |a Türk Tarih Kurumu yayınları. VI. dizi ;  |v sa. 33c 
500 |a At head of title: Atatürk Kültür, Dil ve Tarih Yüksek Kurumu. 
504 |a Includes bibliographical references and indexes. 
546 |a In English with parallel Turkish texts for the preface and introduction, and English translations of romanised Akkadian (Cappadocian dialect). 
650 0 |a Akkadian language  |v Texts. 
650 0 |a Cuneiform inscriptions, Akkadian. 
650 0 |a Cappadocian language. 
651 0 |a Kanesh (Extinct city)  |v Catalogs. 
651 0 |a Kanesh (Extinct city)  |x Antiquities. 
650 0 |a Excavations (Archaeology)  |z Turkey  |z Kanesh (Extinct city) 
650 6 |a Akkadien (Langue)  |v Textes. 
650 6 |a Inscriptions cunéiformes akkadiennes. 
650 6 |a Cappadocien (Langue) 
651 6 |a Kanesh (Ville ancienne)  |v Catalogues. 
650 6 |a Fouilles (Archéologie)  |z Turquie  |z Kanesh (Ville ancienne) 
650 7 |a Akkadian language.  |2 fast  |0 (OCoLC)fst00803982 
650 7 |a Antiquities.  |2 fast  |0 (OCoLC)fst00810745 
650 7 |a Cappadocian language.  |2 fast  |0 (OCoLC)fst00846530 
650 7 |a Cuneiform inscriptions, Akkadian.  |2 fast  |0 (OCoLC)fst00885196 
650 7 |a Excavations (Archaeology)  |2 fast  |0 (OCoLC)fst00917564 
651 7 |a Turkey  |z Kanesh (Extinct city)  |2 fast  |0 (OCoLC)fst01897027 
655 7 |a Catalogs.  |2 fast  |0 (OCoLC)fst01423692 
655 7 |a Texts.  |2 fast  |0 (OCoLC)fst01423705 
710 2 |a Türk Tarih Kurumu,  |e publisher. 
710 2 |a Atatürk Kültür, Dil, ve Tarih Yüksek Kurumu (Turkey) 
758 |i has work:  |a Kültepe tabletleri V (Text)  |1 https://id.oclc.org/worldcat/entity/E39PCXjWRfvj78gc7Q83BX44fV  |4 https://id.oclc.org/worldcat/ontology/hasWork 
830 0 |a Türk Tarih Kurumu yayınları.  |n VI. dizi ;  |v sa. 33c. 
994 |a Z0  |b TXA 
948 |h HELD BY TXA - 1 OTHER HOLDINGS 
999 f f |s 812db69c-ab22-4963-852a-a8cdfceaa3b6  |i 45488a61-6352-4cc4-ae1b-4ec6dbcfbf13  |t 0 
952 f f |p noncirc  |a Texas A&M University  |b College Station  |c Sterling C. Evans Library  |d Bodrum (located in Turkey)  |t 0  |e PJ3721.K36 V43 2010  |h Library of Congress classification  |i unmediated -- volume 
998 f f |a PJ3721.K36 V43 2010  |t 0  |l Bodrum (located in Turkey)